|
|
|
|
| LEADER |
00000nam2a2200000 4500 |
| 001 |
247071 |
| 005 |
20231101232252.0 |
| 035 |
|
|
|a (RuTPU)RU\TPU\book\268544
|
| 035 |
|
|
|a RU\TPU\book\222726
|
| 090 |
|
|
|a 247071
|
| 100 |
|
|
|a 20131216d1975 m y0rusy50 ca
|
| 101 |
0 |
|
|a rus
|
| 102 |
|
|
|a RU
|
| 105 |
|
|
|a a j 001zy
|
| 200 |
0 |
|
|a Ч. 2 : Высоковольтное оборудование и измерения основы электрофизических методов обработки материалов
|f Б. В. Семкин, А. Г. Синебрюхов, Н. А. Яворовский
|
| 210 |
|
|
|d 1975
|
| 215 |
|
|
|a 159 с.
|c ил.
|
| 320 |
|
|
|a Библиография в конце лабораторных работ.
|
| 461 |
|
1 |
|0 (RuTPU)RU\TPU\book\222285
|t Руководство к лабораторным работам по технике высоких напряжений
|o учебное пособие
|f Томский политехнический институт (ТПИ)
|v Ч. 2 : Высоковольтное оборудование и измерения основы электрофизических методов обработки материалов
|d 1975
|
| 606 |
1 |
|
|a Техника высоких напряжений
|2 stltpush
|3 (RuTPU)RU\TPU\subj\60029
|9 77519
|
| 610 |
1 |
|
|a ТВН
|
| 610 |
1 |
|
|a высокие напряжения
|
| 610 |
1 |
|
|a лабораторные работы
|
| 610 |
1 |
|
|a учебные пособия
|
| 610 |
1 |
|
|a труды учёных ТПУ
|
| 675 |
|
|
|a 621.3.027.3(076.5)
|v 3
|
| 700 |
|
1 |
|a Семкин
|b Б. В.
|c российский ученый
|c электрофизик
|c профессор Томского политехнического университета
|f 1941-
|g Борис Васильевич
|2 stltpush
|3 (RuTPU)RU\TPU\pers\19864
|
| 701 |
|
1 |
|a Синебрюхов
|b А. Г.
|c специалист в области организации высшего профессионального образования
|c ведущий менеджер Томского политехнического университета, кандидат технических наук
|f 1935-
|g Анатолий Григорьевич
|2 stltpush
|3 (RuTPU)RU\TPU\pers\32270
|
| 701 |
|
1 |
|a Яворовский
|b Н. А.
|c российский электрофизик
|c заведующий отделом научно-исследовательского института высоких напряжений Томского политехнического университета
|c кандидат технических наук
|f 1941-
|g Николай Александрович
|2 stltpush
|3 (RuTPU)RU\TPU\pers\25600
|
| 801 |
|
1 |
|a RU
|b 63413507
|c 20111122
|
| 801 |
|
2 |
|a RU
|b 63413507
|c 20160701
|g RCR
|
| 942 |
|
|
|c BK
|